|
|
|
|
| LEADER |
00000nam0a2200000 4500 |
| 001 |
368065 |
| 005 |
20231102012039.0 |
| 035 |
|
|
|a (RuTPU)RU\TPU\retro\25428
|
| 090 |
|
|
|a 368065
|
| 100 |
|
|
|a 20220330d1995 km y0rusy50 ca
|
| 101 |
0 |
|
|a rus
|
| 102 |
|
|
|a RU
|
| 105 |
|
|
|a y e 001zy
|
| 200 |
1 |
|
|a Топонимический словарь Хакасско-Минусинского края
|f В. Я. Бутанаев
|g Хакасский государственный университет им. Н. Ф. Катанова, Лаборатория этнографии
|
| 210 |
|
|
|a Абакан
|c Хакасия
|d 1995
|
| 215 |
|
|
|a 268 с.
|
| 316 |
|
|
|5 63413507: КР-7606
|a На титульном листе владельческая подпись: «Л. Рихванов»
|
| 317 |
|
|
|5 63413507: КР-7606
|a Поступил в НТБ в 2021 г. в дар от семьи профессора ТПУ Л. П. Рихванова
|
| 320 |
|
|
|a Библиогр.: с. 267
|
| 330 |
|
|
|a Настоящий словарь описывает, систематизирует и объясняет происхождение около 4 тыс. хакасских географических названий Республики Хакасия, 20 южных районов Красноярского края, 3 районов Кемеровской области и Тегульдетского района Томской области. Микротопонимика Хакасеко-Минусинского края, т. е. названия островов, логосов, пашен, мелких логов, родников и т. д., здесь не представлена. Автор книги — заведующий Лабораторией этнографии НИС ХГУ им. Н. Ф. Катанова, доктор исторических наук, академик Виктор Яковлевич Вутанаев.
|
| 606 |
1 |
|
|a Топонимика
|2 stltpush
|3 (RuTPU)RU\TPU\subj\61008
|9 78219
|
| 606 |
1 |
|
|a Тюркские языки
|2 stltpush
|3 (RuTPU)RU\TPU\subj\62201
|9 79343
|
| 610 |
1 |
|
|a лексикография
|
| 610 |
1 |
|
|a топонимические словари
|
| 610 |
1 |
|
|a географические названия
|
| 610 |
1 |
|
|a Хакасско-Минусинский край
|
| 610 |
1 |
|
|a хакасский язык
|
| 610 |
1 |
|
|a топонимы
|
| 610 |
1 |
|
|a Библиотека Л. П. Рихванова
|
| 686 |
|
|
|a Ш103
|v LBC/SL-A
|2 rubbk
|
| 686 |
|
|
|a Ш163
|v LBC/SL-A
|2 rubbk
|
| 700 |
|
1 |
|a Бутанаев
|b В. Я.
|g Виктор Яковлевич
|
| 712 |
0 |
2 |
|a Хакасский государственный университет им. Н. Ф. Катанова
|b Лаборатория этнографии
|2 stltpush
|3 (RuTPU)RU\TPU\col\1643
|
| 801 |
|
1 |
|a RU
|b 63413507
|c 20220330
|
| 801 |
|
2 |
|a RU
|b 63413507
|c 20220714
|g RCR
|
| 942 |
|
|
|c BK
|